Armes à feu #2 - Statistiques

Statistiques générales
  • Ce quiz a été pris 610 fois
  • Le résultat moyen est 4 sur 16
Statistiques - réponses
Par images Réponse % Correct
Glock 17
78%
Colt M1911
73%
SVD
69%
Makarov
41%
HK 416
38%
M 14
32%
AK-12
26%
SKS
25%
HK G36
23%
M 24
15%
SIG 550
8%
GP-35 Hi Power
6%
FN FNC
3%
FN P2000
2%
Insas
2%
Beretta AR70
1%
Aucun quiz correspondant
Distribution des résultats
% des personnes avec chaque résultat
Percentile par nombre de réponses
Votre historique - résultats
Vous n’avez pas pris ce quiz